[Event "Mittelfranken Landesliga Nord 2223"]
[Site "Mittelfranken"]
[Date "2023.03.05"]
[Round "7.8"]
[White "Meulner, Klaus"]
[Black "Beetz, Maximilian"]
[Result "0-1"]
[WhiteElo "2035"]
[BlackElo "2017"]
[PlyCount "73"]
[EventDate "2022.10.09"]
[EventType "team-tourn"]
[EventRounds "9"]
[EventCountry "GER"]
[SourceTitle "EXT 2024"]
[Source "ChessBase"]
[SourceDate "2023.10.10"]
[SourceVersion "1"]
[SourceVersionDate "2023.10.10"]
[SourceQuality "1"]
[WhiteTeam "Nuernberg Sued SW"]
[BlackTeam "Herzogenaurach"]
[WhiteTeamCountry "GER"]
[BlackTeamCountry "GER"]

1. Nf3 Nf6 2. c4 g6 3. Nc3 Bg7 4. e4 d6 5. d4 0-0 6. h3 c6 7. Be3 a6 8. Bd3 b5 9. b3 Qa5 10. Bd2 b4 11. Na4 c5 12. d5 Bd7 13. 0-0 Bxa4 14. bxa4 Qd8 15. a5 Nfd7 16. Rb1 Qxa5 17. Bg5 Qd8 18. Nh2 Nf6 19. f4 Qc7 20. Qe1 h6 21. Bh4 Nh7 22. Nf3 e6 23. dxe6 fxe6 24. e5 dxe5 25. fxe5 Nc6 26. Bxg6 Nxe5 27. Be4 Rae8 28. Bg3 Nxf3+ 29. Bxf3 Qe7 30. Kh1 Ng5 31. Bg4 Rxf1+ 32. Qxf1 Ne4 33. Be1 Rf8 34. Qe2 Qd6 35. Rd1 Bd4 36. Bf3 Ng5 37. Bg4 0-1

[Event "Mittelfranken Landesliga Nord 2223"]
[Site "Mittelfranken"]
[Date "2023.01.15"]
[Round "5.8"]
[White "Gehlert, Klaus"]
[Black "Meulner, Klaus"]
[Result "1/2-1/2"]
[WhiteElo "2059"]
[BlackElo "2035"]
[PlyCount "23"]
[EventDate "2022.10.09"]
[EventType "team-tourn"]
[EventRounds "9"]
[EventCountry "GER"]
[SourceTitle "EXT 2024"]
[Source "ChessBase"]
[SourceDate "2023.10.10"]
[SourceVersion "1"]
[SourceVersionDate "2023.10.10"]
[SourceQuality "1"]
[WhiteTeam "Wuerzburg"]
[BlackTeam "Nuernberg Sued SW"]
[WhiteTeamCountry "GER"]
[BlackTeamCountry "GER"]

1. d4 d6 2. Nf3 Bg4 3. Nfd2 Nf6 4. c4 e5 5. d5 Be7 6. Nc3 0-0 7. f3 Bc8 8. e4 a5 9. Bd3 Nh5 10. 0-0 Bg5 11. Re1 Nf4 12. Nf1 1/2-1/2

[Event "Mittelfranken Landesliga Nord 2122"]
[Site "Mittelfranken"]
[Date "2022.03.20"]
[Round "4.6"]
[White "Stoeckl, Stephan"]
[Black "Meulner, Klaus"]
[Result "1/2-1/2"]
[WhiteElo "1928"]
[BlackElo "2002"]
[PlyCount "57"]
[EventDate "2021.10.24"]
[EventType "team-tourn"]
[EventRounds "9"]
[EventCountry "GER"]
[SourceTitle "EXT 2024"]
[Source "ChessBase"]
[SourceDate "2023.10.10"]
[SourceVersion "1"]
[SourceVersionDate "2023.10.10"]
[SourceQuality "1"]
[WhiteTeam "Schwandorf"]
[BlackTeam "Nuernberg SW"]
[WhiteTeamCountry "GER"]
[BlackTeamCountry "GER"]

1. Nf3 Nf6 2. c4 e6 3. g3 a6 4. Bg2 b5 5. b3 Bb7 6. 0-0 c5 7. Bb2 Be7 8. d3 0-0 9. e3 d6 10. Qe2 Nbd7 11. Nbd2 Qc7 12. Rfd1 Rfd8 13. Rac1 b4 14. d4 a5 15. e4 a4 16. e5 dxe5 17. dxe5 Ne8 18. Ne4 Nf8 19. Qc2 axb3 20. axb3 Rxd1+ 21. Rxd1 Rd8 22. Rxd8 Qxd8 23. Nfd2 Qd7 24. f4 f5 25. exf6 gxf6 26. Nf1 f5 27. Ng5 Bf6 28. Bxb7 Qxb7 29. Bxf6 1/2-1/2

[Event "Landesliga Nord 1819"]
[Site "Bayern"]
[Date "2019.03.24"]
[Round "8.8"]
[White "Muehling, Werner"]
[Black "Meulner, Klaus"]
[Result "1/2-1/2"]
[WhiteElo "2038"]
[BlackElo "2034"]
[PlyCount "23"]
[EventDate "2018.10.21"]
[EventType "team-tourn"]
[EventRounds "9"]
[EventCountry "GER"]
[SourceTitle "EXT 2022"]
[Source "ChessBase"]
[SourceDate "2021.10.06"]
[SourceVersion "1"]
[SourceVersionDate "2021.10.06"]
[SourceQuality "1"]
[WhiteTeam "Schwandorf"]
[BlackTeam "Nuernberg Sued SW"]
[WhiteTeamCountry "GER"]
[BlackTeamCountry "GER"]

1. d4 d5 2. Nf3 Nf6 3. e3 c5 4. c3 cxd4 5. exd4 Nc6 6. Bd3 Bg4 7. 0-0 e6 8. Nbd2 Bd6 9. Re1 Qc7 10. Nf1 Bh5 11. Ng3 Bg6 12. Nf5 1/2-1/2

[Event "Pfalz op 10th"]
[Site "Neustadt an der Weinstrasse"]
[Date "2019.03.03"]
[Round "5"]
[White "Hoefelsauer, Thomas"]
[Black "Meulner, Klaus"]
[Result "1-0"]
[WhiteElo "2354"]
[BlackElo "2084"]
[PlyCount "81"]
[EventDate "2019.03.01"]
[EventType "swiss"]
[EventRounds "9"]
[EventCountry "GER"]
[SourceTitle "CBM 189 Extra"]
[Source "ChessBase"]
[SourceDate "2019.06.03"]
[SourceVersion "1"]
[SourceVersionDate "2019.06.03"]
[SourceQuality "1"]

1. c4 Nf6 2. Nc3 e5 3. g3 c6 4. d4 e4 5. Bg5 d5 6. Bxf6 gxf6 7. e3 Be6 8. Nh3 Bd6 9. Nf4 Bxf4 10. gxf4 dxc4 11. f5 Bd5 12. Bg2 Na6 13. a3 Qa5 14. Qd2 0-0-0 15. 0-0-0 Kb8 16. Ne2 Qxd2+ 17. Kxd2 c5 18. Kc3 b5 19. Rd2 b4+ 20. Kc2 Rhg8 21. Ng3 Bc6 22. axb4 cxd4 23. Rxd4 Rxd4 24. exd4 Nxb4+ 25. Kc3 Nd3 26. Bxe4 Bb5 27. f3 Nf4 28. Nf1 a6 29. Ne3 Ne2+ 30. Kb4 Nxd4 31. Nxc4 Rg2 32. b3 Kc7 33. Rd1 Nc2+ 34. Kc5 Bxc4 35. bxc4 Ne3 36. Rb1 Rg5 37. Rb7+ Kd8 38. Rxf7 Nxf5 39. Rxf6 Ng3+ 40. Bd5 Nf5 41. f4 1-0

[Event "Regionalliga Nord-Ost 1819"]
[Site "Bayern"]
[Date "2019.02.24"]
[Round "7.3"]
[White "Zeltner, Ottmar"]
[Black "Meulner, Klaus"]
[Result "1/2-1/2"]
[WhiteElo "1937"]
[BlackElo "2034"]
[PlyCount "45"]
[EventDate "2018.10.21"]
[EventType "team-tourn"]
[EventRounds "9"]
[EventCountry "GER"]
[SourceTitle "EXT 2022"]
[Source "ChessBase"]
[SourceDate "2021.10.06"]
[SourceVersion "1"]
[SourceVersionDate "2021.10.06"]
[SourceQuality "1"]
[WhiteTeam "Rothenburg"]
[BlackTeam "Nuernberg Sued SW II"]
[WhiteTeamCountry "GER"]
[BlackTeamCountry "GER"]

1. e4 c6 2. d4 d5 3. e5 Bf5 4. h4 h5 5. Bd3 Bxd3 6. Qxd3 Qa5+ 7. Nd2 e6 8. Ngf3 Qa6 9. Qxa6 Nxa6 10. 0-0 Nh6 11. c4 Nf5 12. a3 Be7 13. g3 dxc4 14. Nxc4 0-0-0 15. Be3 Nc7 16. Kg2 Nd5 17. Bd2 Nb6 18. Nxb6+ axb6 19. Bc3 Rd5 20. a4 Kc7 21. Ra2 Ra8 22. Rfa1 Ra6 23. b4 1/2-1/2

[Event "Regionalliga Nord-Ost 1819"]
[Site "Bayern"]
[Date "2019.01.20"]
[Round "5.4"]
[White "Meulner, Klaus"]
[Black "Ulusoy, Tolga"]
[Result "1-0"]
[WhiteElo "2034"]
[BlackElo "1991"]
[PlyCount "139"]
[EventDate "2018.10.21"]
[EventType "team-tourn"]
[EventRounds "9"]
[EventCountry "GER"]
[SourceTitle "EXT 2022"]
[Source "ChessBase"]
[SourceDate "2021.10.06"]
[SourceVersion "1"]
[SourceVersionDate "2021.10.06"]
[SourceQuality "1"]
[WhiteTeam "Nuernberg Sued SW II"]
[BlackTeam "Nuernberg NT III"]
[WhiteTeamCountry "GER"]
[BlackTeamCountry "GER"]

1. Nf3 c5 2. b3 Nf6 3. Bb2 d5 4. e3 Nc6 5. Bb5 Bg4 6. h3 Bxf3 7. Bxc6+ bxc6 8. Qxf3 e6 9. g4 Ne4 10. Nc3 Nxc3 11. Bxc3 f6 12. g5 Be7 13. Qh5+ g6 14. Qg4 f5 15. Qa4 0-0 16. h4 Qd7 17. h5 Bxg5 18. hxg6 h6 19. 0-0-0 f4 20. Be5 c4 21. Rdg1 Rf5 22. exf4 Rxe5 23. fxg5 Rxg5 24. Kb1 Rxg1+ 25. Rxg1 Rf8 26. Qb4 Kg7 27. Qc3+ Rf6 28. Qe5 cxb3 29. axb3 Qe7 30. Rg4 c5 31. Kb2 a5 32. Ra4 Kxg6 33. Rxa5 Rf5 34. Qg3+ Qg5 35. Rxc5 h5 36. Rc8 Qxg3 37. fxg3 d4 38. b4 Kf7 39. c4 dxc3+ 40. dxc3 Ke7 41. Kb3 Kd7 42. Rg8 Kd6 43. Kc4 Rf1 44. Rg5 Rg1 45. Rxh5 Rxg3 46. Rh4 Re3 47. Rd4+ Kc7 48. Rd3 Re1 49. Kd4 e5+ 50. Kc5 e4 51. Rh3 e3 52. Kd4 e2 53. Kd3 Kc6 54. Kd2 Rd1+ 55. Kxe2 Rd8 56. Rd3 Ra8 57. Rd4 Kb5 58. Kd3 Ra1 59. Rd5+ Kc6 60. Kc4 Rc1 61. b5+ Kc7 62. Kb4 Kb6 63. Rd6+ Kc7 64. Rh6 Rc2 65. c4 Rg2 66. Rh7+ Kd6 67. c5+ Ke6 68. Rh6+ Kd5 69. Rd6+ Ke5 70. Rd1 1-0

[Event "Mittelfranken-ch HT 67th"]
[Site "Nuremberg"]
[Date "2018.03.29"]
[Round "6"]
[White "Meulner, Klaus"]
[Black "Walter, Florian"]
[Result "0-1"]
[WhiteElo "2103"]
[BlackElo "2203"]
[PlyCount "70"]
[EventDate "2018.03.27"]
[EventType "swiss"]
[EventRounds "9"]
[EventCountry "GER"]
[SourceTitle "EXT 2020"]
[Source "ChessBase"]
[SourceDate "2019.10.17"]
[SourceVersion "1"]
[SourceVersionDate "2019.10.17"]
[SourceQuality "1"]

1. Nf3 c5 2. b3 Nc6 3. Bb2 Nf6 4. c4 d5 5. cxd5 Nxd5 6. g3 Bg4 7. Bg2 e6 8. 0-0 h5 9. Ne5 Nxe5 10. Bxe5 f6 11. Bb2 h4 12. b4 hxg3 13. hxg3 cxb4 14. Qc2 Kf7 15. e4 Nb6 16. d4 Rc8 17. Qb3 Nc4 18. a3 bxa3 19. Nxa3 Nd2 20. Qxb7+ Rc7 21. Qa6 Nxf1 22. Qxf1 Bxa3 23. Rxa3 Qb8 24. Bc3 Rhc8 25. Be1 Rc1 26. Re3 Qb1 27. f3 Bh5 28. g4 Bg6 29. f4 Kg8 30. f5 exf5 31. gxf5 Be8 32. e5 R8c3 33. Bd5+ Kf8 34. Re2 Bb5 35. exf6 gxf6 0-1

[Event "Regionalliga Nord-Ost 1718"]
[Site "Bayern"]
[Date "2017.11.26"]
[Round "3.2"]
[White "Meulner, Klaus"]
[Black "Ammon, Tobias"]
[Result "0-1"]
[WhiteElo "2066"]
[BlackElo "2161"]
[PlyCount "78"]
[EventDate "2017.10.22"]
[EventType "team-tourn"]
[EventRounds "9"]
[EventCountry "GER"]
[SourceTitle "EXT 2022"]
[Source "ChessBase"]
[SourceDate "2021.10.06"]
[SourceVersion "1"]
[SourceVersionDate "2021.10.06"]
[SourceQuality "1"]
[WhiteTeam "Nuernberg Sued SW II"]
[BlackTeam "Altensittenbach"]
[WhiteTeamCountry "GER"]
[BlackTeamCountry "GER"]

1. d4 d5 2. c4 c6 3. cxd5 cxd5 4. Nc3 Nf6 5. f3 e6 6. e4 Nc6 7. e5 Nd7 8. f4 Be7 9. Nf3 a6 10. Bd3 b5 11. Be3 Nb6 12. Qe2 b4 13. Nd1 a5 14. Rc1 Nb8 15. 0-0 Ba6 16. Bb5+ N6d7 17. Nf2 Qb6 18. Bxa6 Qxa6 19. Qxa6 Nxa6 20. Rc6 0-0 21. Rfc1 Rfb8 22. Nd3 g6 23. g4 b3 24. a3 Nb6 25. Nd2 Na4 26. Kf2 Nxb2 27. Nxb2 Bxa3 28. Rb1 Nb4 29. Rc3 Bxb2 30. Rxb2 a4 31. Rb1 Nc2 32. Rg1 Rc8 33. Rc5 Rxc5 34. dxc5 d4 35. Bxd4 Nxd4 36. Ke3 Nc6 37. Rb1 Ra5 38. Ne4 a3 39. Rxb3 a2 0-1

[Event "Zirndorf Cup"]
[Site "Zirndorf"]
[Date "2017.09.02"]
[Round "6"]
[White "Stein, Marco"]
[Black "Meulner, Klaus"]
[Result "1-0"]
[WhiteElo "2087"]
[BlackElo "2117"]
[PlyCount "69"]
[EventDate "2017.08.30"]
[EventType "swiss"]
[EventRounds "7"]
[EventCountry "GER"]
[SourceTitle "CBM 180 Extra"]
[Source "ChessBase"]
[SourceDate "2017.10.06"]
[SourceVersion "1"]
[SourceVersionDate "2017.10.06"]
[SourceQuality "1"]

1. d4 Nf6 2. c4 e6 3. g3 Bb4+ 4. Bd2 Qe7 5. Bg2 Nc6 6. a3 Bxd2+ 7. Qxd2 0-0 8. Nf3 d6 9. b4 e5 10. d5 e4 11. dxc6 exf3 12. Bxf3 bxc6 13. Bxc6 Bh3 14. Bxa8 Rxa8 15. Nc3 d5 16. 0-0-0 Bg2 17. Rhg1 a5 18. Rxg2 axb4 19. Nxd5 Qe4 20. Nxf6+ gxf6 21. Qd5 Qe8 22. axb4 Qa4 23. Kd2 c6 24. Qd4 Qxb4+ 25. Ke3 Re8+ 26. Kf3 f5 27. Rgg1 c5 28. Qd5 Qc3+ 29. Rd3 Qc2 30. e3 Re6 31. Rgd1 f4 32. Qg5+ Rg6 33. Rd8+ Kg7 34. Qe5+ Rf6 35. R1d6 1-0

[Event "Zirndorf Cup"]
[Site "Zirndorf"]
[Date "2017.09.01"]
[Round "4"]
[White "Meulner, Klaus"]
[Black "Koppen, Harald"]
[Result "1-0"]
[WhiteElo "2117"]
[BlackElo "1891"]
[PlyCount "165"]
[EventDate "2017.08.30"]
[EventType "swiss"]
[EventRounds "7"]
[EventCountry "GER"]
[SourceTitle "CBM 180 Extra"]
[Source "ChessBase"]
[SourceDate "2017.10.06"]
[SourceVersion "1"]
[SourceVersionDate "2017.10.06"]
[SourceQuality "1"]

1. d4 Nf6 2. c4 e6 3. Nf3 c5 4. d5 exd5 5. cxd5 d6 6. Nc3 g6 7. Bf4 Bg7 8. Qa4+ Bd7 9. Qb3 Bc8 10. Qb5+ Ke7 11. e4 Re8 12. Be2 Kf8 13. Nd2 b6 14. Qa4 a6 15. 0-0 Bb7 16. Bf3 Re7 17. Rfe1 Ne8 18. Nc4 f6 19. Qc2 b5 20. Nd2 Nd7 21. h3 Ne5 22. Be2 Bc8 23. Bg3 Nd7 24. a4 b4 25. Nd1 a5 26. Ne3 Nb6 27. f4 Qc7 28. Nec4 Nxc4 29. Nxc4 Ba6 30. Bf3 Bxc4 31. Qxc4 Ra7 32. Rad1 Qb6 33. b3 Qa6 34. Qxa6 Rxa6 35. Be2 Raa7 36. Bc4 Rac7 37. Kf2 Rc8 38. Kf3 Rd8 39. Bh4 h6 40. Bf2 Rc8 41. g4 Nc7 42. Bg3 Rce8 43. h4 Rd7 44. Re2 Ree7 45. Rf1 Rf7 46. Kg2 Rfe7 47. Rfe1 Ne8 48. Bb5 Rd8 49. Bc6 Kf7 50. Rc2 Bf8 51. e5 fxe5 52. fxe5 dxe5 53. Rxc5 Ra7 54. Rf1+ Kg8 55. Rb5 Nc7 56. Rb7 Rxb7 57. Bxb7 Nxd5 58. Re1 Nc3 59. Rxe5 Rd2+ 60. Kf3 Kf7 61. h5 Rb2 62. Rxa5 Rxb3 63. Kg2 Ra3 64. Ra7 Be7 65. Bc6 Ra2+ 66. Kf3 gxh5 67. gxh5 Re2 68. Rb7 Re6 69. Bh4 Rxc6 70. Bxe7 Nd5 71. Bxb4+ Ke6 72. Bd2 Ra6 73. a5 Kf5 74. Rb5 Ke6 75. Bxh6 Ne7 76. Rb6+ Rxb6 77. axb6 Kd7 78. Be3 Kc6 79. h6 Ng6 80. Ke4 Kd6 81. h7 Kc6 82. Kf5 Nh8 83. Kf6 1-0

[Event "Landesliga Nord 1617"]
[Site "Bayern"]
[Date "2017.04.30"]
[Round "9.6"]
[White "Seidenschwarz, Holger"]
[Black "Meulner, Klaus"]
[Result "1/2-1/2"]
[WhiteElo "1942"]
[BlackElo "2091"]
[PlyCount "126"]
[EventDate "2016.10.16"]
[EventType "team-tourn"]
[EventRounds "9"]
[EventCountry "GER"]
[SourceTitle "EXT 2019"]
[Source "ChessBase"]
[SourceDate "2018.10.10"]
[SourceVersion "1"]
[SourceVersionDate "2018.10.10"]
[SourceQuality "1"]
[WhiteTeam "Kelheim"]
[BlackTeam "Nuernberg Sued SW"]
[WhiteTeamCountry "GER"]
[BlackTeamCountry "GER"]

1. e4 b6 2. d4 Bb7 3. Bd3 Nf6 4. Nd2 e6 5. Ngf3 c5 6. c3 d5 7. e5 Nfd7 8. Qe2 Nc6 9. 0-0 g5 10. Bb5 g4 11. Ne1 h5 12. f4 Qc7 13. Nd3 0-0-0 14. f5 Bh6 15. Nf4 cxd4 16. Bxc6 Qxc6 17. cxd4 Qa4 18. Qf2 Bxf4 19. Qxf4 Qc2 20. b3 Kb8 21. Ba3 Rc8 22. fxe6 fxe6 23. Rfc1 Qd3 24. Nf1 g3 25. h3 Ba6 26. Qd2 Qxd2 27. Nxd2 Rxc1+ 28. Rxc1 Rc8 29. Rxc8+ Kxc8 30. Nf1 Nb8 31. Nxg3 Nc6 32. Bb2 h4 33. Nf1 Nb4 34. Nd2 Nxa2 35. Nf3 Bd3 36. Nxh4 Bc2 37. g4 Kd7 38. g5 b5 39. Kf2 Ke7 40. Ke3 Kf7 41. Ng2 Bxb3 42. h4 Bc2 43. h5 b4 44. Nf4 Bf5 45. Nd3 a5 46. Nc5 Bg4 47. g6+ Kg7 48. Kd2 a4 49. Nxa4 Bxh5 50. Nc5 Bg4 51. Kc2 Kxg6 52. Kb3 Nc3 53. Bxc3 bxc3 54. Kxc3 Kf5 55. Kb4 Kf4 56. Na6 Ke3 57. Kc5 Kd3 58. Nc7 Kc3 59. Nxd5+ exd5 60. Kxd5 Kd3 61. Kc5 Ke4 62. Kc4 Be6+ 63. Kc5 Bg4 1/2-1/2

[Event "Landesliga Nord 1617"]
[Site "Bayern"]
[Date "2017.03.19"]
[Round "7.6"]
[White "Kwossek, Georg"]
[Black "Meulner, Klaus"]
[Result "1-0"]
[WhiteElo "2016"]
[BlackElo "2091"]
[PlyCount "131"]
[EventDate "2016.10.16"]
[EventType "team-tourn"]
[EventRounds "9"]
[EventCountry "GER"]
[SourceTitle "EXT 2019"]
[Source "ChessBase"]
[SourceDate "2018.10.10"]
[SourceVersion "1"]
[SourceVersionDate "2018.10.10"]
[SourceQuality "1"]
[WhiteTeam "Kitzingen"]
[BlackTeam "Nuernberg Sued SW"]
[WhiteTeamCountry "GER"]
[BlackTeamCountry "GER"]

1. d4 d5 2. c4 dxc4 3. Nf3 Nf6 4. e3 Bg4 5. Bxc4 e6 6. Qb3 Bxf3 7. gxf3 c5 8. Qxb7 Nbd7 9. Nc3 cxd4 10. exd4 Be7 11. Bf4 0-0 12. Bc7 Qe8 13. 0-0-0 Nd5 14. Bxd5 exd5 15. Rhe1 Bg5+ 16. Kb1 Qc8 17. Qxc8 Rfxc8 18. Nxd5 a5 19. Bg3 Re8 20. h4 Bh6 21. Ne7+ Kh8 22. Nf5 Rxe1 23. Rxe1 Bd2 24. Re2 Bb4 25. a3 Bf8 26. Rc2 g6 27. Rc7 Rd8 28. Nd6 Bxd6 29. Bxd6 Nb6 30. Bc5 Nc4 31. Rxf7 Kg8 32. Rf4 Re8 33. b3 Nd2+ 34. Kc2 Re2 35. Kd3 Rxf2 36. Ke3 Rh2 37. b4 a4 38. b5 Nc4+ 39. Kd3 Nxa3 40. b6 Rb2 41. Rf8+ Kg7 42. Bxa3 Rxb6 43. Bc5 Ra6 44. Rb8 a3 45. Rb1 Kf6 46. Ra1 a2 47. Ke4 Ra4 48. Bd6 Ke6 49. Bc5 Kf6 50. f4 Ke6 51. Bf8 Kf7 52. Bh6 Ke6 53. Bg5 Ra5 54. Kd3 Kd5 55. Bf6 Ra3+ 56. Kc2 Rf3 57. Be5 Kc4 58. Kb2 Kb4 59. Kc2 Rf2+ 60. Kd3 Rh2 61. d5 Kc5 62. d6 Rh3+ 63. Kc2 Kc6 64. Kb2 Rh2+ 65. Kb3 Kd7 66. Rxa2 1-0

[Event "Landesliga Nord 1617"]
[Site "Bayern"]
[Date "2017.02.05"]
[Round "5.6"]
[White "Meulner, Klaus"]
[Black "Kuespert, Helmut"]
[Result "1/2-1/2"]
[WhiteElo "2091"]
[BlackElo "1910"]
[PlyCount "57"]
[EventDate "2016.10.16"]
[EventType "team-tourn"]
[EventRounds "9"]
[EventCountry "GER"]
[SourceTitle "EXT 2019"]
[Source "ChessBase"]
[SourceDate "2018.10.10"]
[SourceVersion "1"]
[SourceVersionDate "2018.10.10"]
[SourceQuality "1"]
[WhiteTeam "Nuernberg Sued SW"]
[BlackTeam "Marktleuthen"]
[WhiteTeamCountry "GER"]
[BlackTeamCountry "GER"]

1. d4 Nf6 2. c4 c5 3. d5 b5 4. cxb5 a6 5. f3 g6 6. e4 d6 7. a4 Bg7 8. Na3 0-0 9. Ne2 e6 10. dxe6 fxe6 11. Bg5 h6 12. Be3 Qe7 13. Nf4 Kh7 14. Bd3 Nbd7 15. Nxg6 Kxg6 16. e5+ Kf7 17. exf6 Qxf6 18. Nc4 d5 19. Nd6+ Ke7 20. Nxc8+ Rfxc8 21. 0-0 c4 22. Be2 axb5 23. axb5 Qxb2 24. Rb1 Qe5 25. Bf2 Ra2 26. Re1 Qc3 27. b6 Rb8 28. Bf1 Rxf2 29. Kxf2 1/2-1/2

[Event "Landesliga Nord 1617"]
[Site "Bayern"]
[Date "2017.01.15"]
[Round "4.6"]
[White "Oehrlein, Thomas"]
[Black "Meulner, Klaus"]
[Result "1-0"]
[WhiteElo "2108"]
[BlackElo "2091"]
[PlyCount "31"]
[EventDate "2016.10.16"]
[EventType "team-tourn"]
[EventRounds "9"]
[EventCountry "GER"]
[SourceTitle "EXT 2019"]
[Source "ChessBase"]
[SourceDate "2018.10.10"]
[SourceVersion "1"]
[SourceVersionDate "2018.10.10"]
[SourceQuality "1"]
[WhiteTeam "Bamberg SC"]
[BlackTeam "Nuernberg Sued SW"]
[WhiteTeamCountry "GER"]
[BlackTeamCountry "GER"]

1. e4 c5 2. Nf3 e6 3. d4 cxd4 4. Nxd4 Nc6 5. Nc3 Qc7 6. Be3 a6 7. a4 Nf6 8. Be2 Bb4 9. Bf3 Ne5 10. Qd2 Nc4 11. Qc1 Nxb2 12. Nde2 Nc4 13. 0-0 Ne5 14. Qb2 Bc5 15. Bf4 g5 16. Nd5 1-0

[Event "Landesliga Nord 1617"]
[Site "Bayern"]
[Date "2016.12.04"]
[Round "3.4"]
[White "Meulner, Klaus"]
[Black "Hepting, Heinrich"]
[Result "1-0"]
[WhiteElo "2091"]
[BlackElo "2051"]
[PlyCount "67"]
[EventDate "2016.10.16"]
[EventType "team-tourn"]
[EventRounds "9"]
[EventCountry "GER"]
[SourceTitle "EXT 2019"]
[Source "ChessBase"]
[SourceDate "2018.10.10"]
[SourceVersion "1"]
[SourceVersionDate "2018.10.10"]
[SourceQuality "1"]
[WhiteTeam "Nuernberg Sued SW"]
[BlackTeam "Zirndorf"]
[WhiteTeamCountry "GER"]
[BlackTeamCountry "GER"]

1. d4 d6 2. e4 g6 3. Nc3 Bg7 4. f4 a6 5. Nf3 Nd7 6. Be3 e6 7. Bd3 Ne7 8. 0-0 Nf6 9. Kh1 d5 10. e5 Ng4 11. Bg1 h5 12. Qe1 Nf5 13. Bxf5 gxf5 14. h3 Nh6 15. Bf2 Bf8 16. Bh4 Be7 17. Bxe7 Qxe7 18. b4 Qxb4 19. Nxd5 Qxe1 20. Nf6+ Ke7 21. Rfxe1 Ng8 22. Nxg8+ Rxg8 23. Re3 Bd7 24. c4 b5 25. Rc1 Ra7 26. Ra3 bxc4 27. Rxc4 Bb5 28. Rc5 c6 29. d5 Bf1 30. d6+ Kd7 31. Rc2 Rb7 32. Nd4 c5 33. Nb3 c4 34. Nc5+ 1-0

[Event "Landesliga Nord 1617"]
[Site "Bayern"]
[Date "2016.11.20"]
[Round "2.6"]
[White "Wagner, Robert"]
[Black "Meulner, Klaus"]
[Result "1/2-1/2"]
[WhiteElo "2034"]
[BlackElo "2091"]
[PlyCount "87"]
[EventDate "2016.10.16"]
[EventType "team-tourn"]
[EventRounds "9"]
[EventCountry "GER"]
[SourceTitle "EXT 2019"]
[Source "ChessBase"]
[SourceDate "2018.10.10"]
[SourceVersion "1"]
[SourceVersionDate "2018.10.10"]
[SourceQuality "1"]
[WhiteTeam "Forchheim II"]
[BlackTeam "Nuernberg Sued SW"]
[WhiteTeamCountry "GER"]
[BlackTeamCountry "GER"]

1. d4 d5 2. c4 c6 3. cxd5 cxd5 4. Nc3 Nf6 5. Bf4 Nc6 6. e3 a6 7. Bd3 Bg4 8. Nge2 e6 9. 0-0 Bd6 10. f3 Bh5 11. Rc1 Bg6 12. Na4 0-0 13. Bxg6 hxg6 14. Bxd6 Qxd6 15. Qd2 Nd7 16. Nc5 Nxc5 17. dxc5 Qe5 18. Qc3 Qxc3 19. Rxc3 Rfc8 20. Nd4 e5 21. Nxc6 bxc6 22. Rb1 a5 23. Kf2 Rcb8 24. Ke2 f6 25. Kd3 Kf7 26. b3 Rb5 27. Rd1 Ke6 28. Rd2 f5 29. h3 Rd8 30. a3 g5 31. Kc2 Rf8 32. f4 gxf4 33. exf4 e4 34. h4 Kf6 35. Rd4 Re8 36. Kd2 Kg6 37. b4 axb4 38. axb4 Ra8 39. Rg3+ Kf7 40. Rg5 Ra2+ 41. Ke3 Ra3+ 42. Kf2 Ra2+ 43. Ke3 Ra3+ 44. Kf2 1/2-1/2

[Event "Pyramiden Franken Cup"]
[Site "Fuerth"]
[Date "2016.09.03"]
[Round "5"]
[White "Giessmann, Stephan"]
[Black "Meulner, Klaus"]
[Result "1/2-1/2"]
[WhiteElo "2252"]
[BlackElo "2124"]
[PlyCount "81"]
[EventDate "2016.09.01"]
[EventType "swiss"]
[EventRounds "7"]
[EventCountry "GER"]
[SourceTitle "CBM 174 Extra"]
[Source "ChessBase"]
[SourceDate "2016.10.10"]
[SourceVersion "1"]
[SourceVersionDate "2016.10.10"]
[SourceQuality "1"]

1. d4 d5 2. c4 c6 3. Nf3 Nf6 4. Nc3 dxc4 5. a4 Bf5 6. e3 e6 7. Bxc4 Bb4 8. 0-0 Nbd7 9. Qe2 Bg6 10. e4 0-0 11. e5 Nd5 12. Nxd5 cxd5 13. Bd3 Bh5 14. Qe3 Be7 15. a5 a6 16. Bd2 Nb8 17. Ne1 Nc6 18. f4 Rc8 19. Kh1 Bg4 20. h3 Bf5 21. g4 Be4+ 22. Bxe4 dxe4 23. Bc3 Qd5 24. Nc2 Rfd8 25. Rfe1 Na7 26. Qxe4 Qb3 27. Ne3 Bh4 28. Red1 Nb5 29. Qxb7 Bf2 30. Rd3 Nxd4 31. Qxa6 Bxe3 32. Rxe3 Nc2 33. Rae1 Nxe3 34. Rxe3 Qd1+ 35. Kg2 Rxc3 36. bxc3 Rd2+ 37. Kg3 Qg1+ 38. Kh4 Qf2+ 39. Rg3 h6 40. Qa8+ Kh7 41. Qf3 1/2-1/2

[Event "Regionalliga NO 1516"]
[Site "Bayern"]
[Date "2015.11.15"]
[Round "3.2"]
[White "Meulner, Klaus"]
[Black "Ganaus, Hannes"]
[Result "0-1"]
[WhiteElo "2085"]
[BlackElo "2292"]
[PlyCount "60"]
[EventDate "2015.10.11"]
[EventType "team-tourn"]
[EventRounds "9"]
[EventCountry "GER"]
[SourceTitle "EXT 2018"]
[Source "ChessBase"]
[SourceDate "2017.10.13"]
[SourceVersion "1"]
[SourceVersionDate "2017.10.13"]
[SourceQuality "1"]
[WhiteTeam "Nuernberg Sued SW II"]
[BlackTeam "Regensburg Bavaria"]
[WhiteTeamCountry "GER"]
[BlackTeamCountry "GER"]

1. d4 Nf6 2. Bg5 d6 3. Bxf6 exf6 4. g3 g6 5. Bg2 Bg7 6. c4 Nd7 7. Nc3 h5 8. h4 f5 9. e3 c6 10. Nge2 Nf6 11. Qd3 0-0 12. b4 Bd7 13. a4 Ng4 14. a5 Rb8 15. b5 a6 16. bxa6 bxa6 17. Bf3 Re8 18. 0-0 g5 19. hxg5 Qxg5 20. Nf4 h4 21. Nh3 Qh6 22. Bxg4 fxg4 23. Nf4 Rb2 24. Nce2 Qg5 25. gxh4 Qxh4 26. Kg2 Rxe2 27. Nxe2 Qh3+ 28. Kg1 Bh6 29. Rfe1 Bxe3 30. Ng3 Qxg3+ 0-1

[Event "Forchheim op-A 14th"]
[Site "Forchheim"]
[Date "2015.10.03"]
[Round "3"]
[White "Machlin, Maxim"]
[Black "Meulner, Klaus"]
[Result "0-1"]
[WhiteElo "2015"]
[BlackElo "2134"]
[PlyCount "79"]
[EventDate "2015.10.02"]
[EventType "swiss"]
[EventRounds "5"]
[EventCountry "GER"]
[SourceTitle "EXT 2019"]
[Source "ChessBase"]
[SourceDate "2018.10.10"]
[SourceVersion "1"]
[SourceVersionDate "2018.10.10"]
[SourceQuality "1"]

1. e4 c5 2. Nf3 e6 3. Nc3 Nc6 4. d4 cxd4 5. Nxd4 Qc7 6. g3 d6 7. Bg2 Bd7 8. 0-0 Nf6 9. Ndb5 Qb8 10. f4 a6 11. Nd4 Nxd4 12. Qxd4 Bc6 13. e5 dxe5 14. fxe5 Nd7 15. Bxc6 bxc6 16. Qf2 Bc5 17. Be3 Bxe3 18. Qxe3 0-0 19. b3 Qxe5 20. Qxe5 Nxe5 21. Rae1 Ng4 22. Rf4 Nf6 23. Rc4 Rfc8 24. Ne2 Nd5 25. Nf4 g5 26. Nd3 a5 27. a4 h5 28. Re5 g4 29. Rg5+ Kf8 30. Rxh5 f5 31. Rh6 c5 32. Nxc5 Kf7 33. Rh7+ Kg6 34. Rd7 Nb6 35. Rcd4 Nxd7 36. Nxd7 Rxc2 37. Nb6 Rb8 38. Nc4 Rxb3 39. Nxa5 Rbb2 40. Rd1 0-1